Catholic Catechism Quiz - Statistics

General Stats
  • This quiz has been taken 266 times
  • The average score is 7 of 13
Answer Stats
Question Answer % Correct
There are two main types of sin, name one of them. Venial Sin; Mortal Sin
89%
What is the name of the sin inherited by all humans because of Adam & Eve? Original Sin
88%
Three Sacraments can be received only once. Name one of them. Baptism; Confirmation; Holy Orders
87%
Name one of the three theological virtues. Faith; Hope; Charity
74%
When was the Eucharist instituted? Holy Thursday
68%
What is referred to as the Final Purification? Purgatory
56%
What is the name of the vessel in which the Blessed Sacrament is displayed for exposition and adoration?? Monstrance
47%
Name one of the four cardinal virtues. Prudence; Justice; Fortitude, Temperance
45%
The Catechism is split into four parts. Name one of them. Procession of Faith; Celebration of the Christian Mystery; Life in Christ; Christian Prayer
33%
Who promulgated the creation and use of the Catechism? Pope John Paul II
28%
What word means the total repudiation of Christianity. Apostasy
20%
The Catechism is organized and referenced by what? Paragraphs
17%
How many of the above units are there in the Catechism? 2865
2%
No matching quizzes found
Score Distribution
Percent of People with Each Score
Percentile by Number Answered
Your Score History
You have not taken this quiz